[Event "Snorlax # 13"]
[Site "SchemingMind.com"]
[Date "2008.12.07"]
[Round "-"]
[White "Keith Kelchner"]
[Black "Joe Daudish"]
[Result "1/2-1/2"]
[WhiteCountry "USA"]
[BlackCountry "USA"]
[WhiteElo "1606"]
[WhiteRD "97"]
[BlackElo "1746"]
[BlackRD "43"]
[GameID "182334"]

1. Nf3 d5 2. d4 e6 3. Nc3 Nf6 4. Bf4 c6 5. e3 Bd6 6. Bxd6 Qxd6 7. a3 O-O 8. Bd3 Nbd7 9. O-O Re8 10. Re1 c5
11. dxc5 Nxc5 12. Bb5 Bd7 13. e4 a6 14. Bxd7 Ncxd7 15. exd5 Nxd5 16. Nxd5 Qxd5 17. Qxd5 exd5 18. Rxe8+ Rxe8 19. Re1 Rxe1+ 20. Nxe1 f6
21. Nf3 Kf7 22. Nd4 g6 23. f4 Ke7 24. Kf2 Kd6 25. Ke3 Nc5 26. b4 Ne6 27. g4 Nxd4 28. Kxd4 b5 29. h4 h6 30. c3 h5
31. g5 f5 32. Kd3 Kc6=
1/2-1/2

[Event "Snorlax # 13"]
[Site "SchemingMind.com"]
[Date "2008.12.07"]
[Round "-"]
[White "Joe Daudish"]
[Black "Keith Kelchner"]
[Result "1-0"]
[WhiteCountry "USA"]
[BlackCountry "USA"]
[WhiteElo "1721"]
[WhiteRD "47"]
[BlackElo "1660"]
[BlackRD "82"]
[GameID "182335"]

1. d4 d5 2. Nf3 Nc6 3. Bf4 e6 4. e3 a6 5. Be2 Nf6 6. h3 Bb4+ 7. c3 Be7 8. Nbd2 Bd6 9. Bxd6 Qxd6 10. O-O Bd7
11. Re1 h6 12. Bd3 e5 13. dxe5 Nxe5 14. Nxe5 Qxe5 15. Nf3 Qd6 16. Qc2 O-O 17. Rad1 b5 18. e4 dxe4 19. Bxe4 Nxe4 20. Rxd6 Nxd6
21. Re7 Rad8 22. Nd4 Rfe8 23. Qe2 c5 24. Nf3 f6 25. Qe3 Nf5 26. Rxe8+ Rxe8 27. Qxc5 Bc8 28. Kf1 Bd7 29. g4 Ne7 30. Nd4 Kf7
31. f4 g6 32. Kf2 f5 33. Kf3 fxg4+ 34. hxg4 h5 35. gxh5 gxh5 36. Qxh5+ Kf8 37. Qh6+ Kf7 38. Qxa6 Nf5 39. Nxf5 Bxf5 40. Qb7+ Kf8
41. Qxb5 Bg6 42. Qc5+ Re7 43. b4 Kf7 44. a4
1-0

[Event "Snorlax # 13"]
[Site "SchemingMind.com"]
[Date "2008.12.12"]
[Round "-"]
[White "e_castle3"]
[Black "Keith Kelchner"]
[Result "0-1"]
[WhiteCountry "PHI"]
[BlackCountry "USA"]
[WhiteElo "1742"]
[WhiteRD "71"]
[BlackElo "1660"]
[BlackRD "82"]
[GameID "183025"]

1. f4 d6 2. Nf3 Nc6 3. e3 Bd7 4. Be2 Nf6 5. O-O Bf5 6. d3 h6 7. e4 Bg4 8. Be3 e5 9. f5 Be7 10. h3 Bxf3
11. Bxf3 d5 12. Nd2 d4 13. Bf2 Qd7 14. Nb3 Nb4 15. a3 Nc6 16. Qd2 a6 17. Rfc1 O-O-O 18. Be2 g6 19. c3 gxf5 20. cxd4 fxe4
21. Rc4 exd4
0-1

[Event "Snorlax # 13"]
[Site "SchemingMind.com"]
[Date "2008.12.12"]
[Round "-"]
[White "e_castle3"]
[Black "Joe Daudish"]
[Result "1/2-1/2"]
[WhiteCountry "PHI"]
[BlackCountry "USA"]
[WhiteElo "1742"]
[WhiteRD "71"]
[BlackElo "1721"]
[BlackRD "47"]
[GameID "183026"]

1. Nf3 d5 2. g3 e6 3. Bg2 Nf6 4. O-O Be7 5. b3 c5 6. Bb2 Nc6 7. d3 O-O 8. Nbd2 b6 9. Re1 Bb7 10. c3 Rb8
11. Qc2 Qc7 12. Rad1 Rfe8 13. e4 dxe4 14. dxe4 Red8 15. e5 Ne8 16. c4 Nb4 17. Qb1 Nd3 18. Re3 Nxb2 19. Qxb2 Rd7 20. Rde1 Rbd8
21. Qc2 g6 22. Ne4 Kg7 23. Nc3 a6 24. Rd1 h5 25. Red3 Rxd3 26. Rxd3 Rxd3 27. Qxd3 Qc6 28. Ne1 Qc7 29. Qe3 Bxg2 30. Kxg2 Qc6+
31. Kg1 Nc7 32. Qd3 b5 33. Ne4 f5 34. exf6+ Bxf6 35. Nxf6 Kxf6 36. Nf3 e5 37. Nh4 e4 38. Qc3+ Kf7 39. Qh8 Ne6 40. Qh6 Ng7
41. Qf4+ Ke7 42. Qe5+ Kf7 43. Qf4+=
1/2-1/2

[Event "Snorlax # 13"]
[Site "SchemingMind.com"]
[Date "2008.12.14"]
[Round "-"]
[White "Keith Kelchner"]
[Black "e_castle3"]
[Result "1-0"]
[WhiteCountry "USA"]
[BlackCountry "PHI"]
[WhiteElo "1660"]
[WhiteRD "82"]
[BlackElo "1742"]
[BlackRD "71"]
[GameID "183027"]

1. Nc3 Nf6 2. e4 e5 3. Nf3 Nc6 4. Bb5 d6 5. d3 Bd7 6. Be3 Be7 7. O-O O-O 8. Qd2 a6 9. Bc4 b5 10. Bd5 Nxd5
11. Nxd5 Be6 12. Nxe7+ Qxe7 13. Qc3 Qd7 14. Ng5 Ne7 15. Nxe6 fxe6 16. d4 exd4 17. Bxd4 e5 18. Be3 Rf6 19. Bg5 Rg6 20. Bxe7 Qxe7
21. Qb3+
1-0

[Event "Snorlax # 13"]
[Site "SchemingMind.com"]
[Date "2008.12.14"]
[Round "-"]
[White "Joe Daudish"]
[Black "e_castle3"]
[Result "0-1"]
[WhiteCountry "USA"]
[BlackCountry "PHI"]
[WhiteElo "1746"]
[WhiteRD "43"]
[BlackElo "1760"]
[BlackRD "77"]
[GameID "183028"]

1. d4 d5 2. Nf3 Nf6 3. Bf4 Bf5 4. e3 e6 5. h3 h6 6. Bd3 Bxd3 7. Qxd3 Bb4+ 8. c3 Ba5 9. Nbd2 O-O 10. O-O Nbd7
11. b4 Bb6 12. a4 c6 13. Ne5 Nxe5 14. Bxe5 Bc7 15. Bxc7 Qxc7 16. e4 dxe4 17. Nxe4 Nxe4 18. Qxe4 Rfd8 19. f4 a5 20. Rf3 axb4
21. cxb4 Qb6 22. f5 Rxd4 23. Qe3 Rxb4 24. Qxb6 Rxb6 25. fxe6 fxe6 26. Re1 c5 27. Re5 Rc6 28. Rb3 b6 29. Re4 c4 30. Rb4 c3
31. Re1 Rd8 32. Rc1 c2 33. Kf2 Rd1
0-1

[Event "Snorlax # 13"]
[Site "SchemingMind.com"]
[Date "2008.12.15"]
[Round "-"]
[White "Zugzwang"]
[Black "e_castle3"]
[Result "0-1"]
[WhiteCountry "CAN"]
[BlackCountry "PHI"]
[WhiteElo "1457"]
[WhiteRD "60"]
[BlackElo "1742"]
[BlackRD "71"]
[GameID "183474"]

1. d4 d5 2. Nf3 Nf6 3. e3 Bf5 4. c4 c6 5. Qb3 Qc7 6. cxd5 cxd5 7. Bb5+ Bd7 8. Nc3 e6 9. O-O a6 10. Bxd7+ Nbxd7
11. Ne5 Nxe5 12. Bd2 Nc6 13. Rac1 Ng4 14. f4 Be7 15. h3 Nf6 16. Qa4 O-O 17. Rf3 b5 18. Qc2 Rfc8 19. Rg3 Qb6 20. Ne2 Ne4
21. Rg4 Nxd4 22. Qxc8+ Rxc8 23. Rxc8+ Bf8 24. Bb4 Nxe2+ 25. Kh2 h5 26. Rxf8+ Kh7 27. Rh4 Kg6 28. g4 Qxe3 29. gxh5+ Kf6 30. Rg4 Qf2+
31. Rg2 Qxf4+ 32. Kh1 N4g3+
0-1

[Event "Snorlax # 13"]
[Site "SchemingMind.com"]
[Date "2008.12.14"]
[Round "-"]
[White "Zugzwang"]
[Black "Keith Kelchner"]
[Result "0-1"]
[WhiteCountry "CAN"]
[BlackCountry "USA"]
[WhiteElo "1457"]
[WhiteRD "60"]
[BlackElo "1660"]
[BlackRD "82"]
[GameID "183475"]

1. d4 d5 2. Nf3 Nc6 3. e3 Nf6 4. Bd3 h6 5. O-O e6 6. Nbd2 Bd6 7. Re1 O-O 8. e4 e5 9. exd5 Nxd5 10. c3 Re8
11. Qb3 Nf4 12. Bc2 b6 13. Nc4 exd4 14. Rxe8+ Qxe8 15. Bxf4 Bxf4 16. Re1 Be6 17. Rxe6 Qxe6 18. g3 Qd5 19. Ne1 Bg5 20. h4 Bf6
21. Nd3 g5 22. f4 gxh4 23. gxh4 Bxh4 24. Nf2 Re8 25. Kf1 Qf3
0-1

[Event "Snorlax # 13"]
[Site "SchemingMind.com"]
[Date "2008.12.14"]
[Round "-"]
[White "Zugzwang"]
[Black "Joe Daudish"]
[Result "0-1"]
[WhiteCountry "CAN"]
[BlackCountry "USA"]
[WhiteElo "1491"]
[WhiteRD "59"]
[BlackElo "1746"]
[BlackRD "43"]
[GameID "183476"]

1. d4 d5 2. Nf3 e6 3. e3 Nf6 4. Bd3 Be7 5. O-O c5 6. c3 Nc6 7. Nbd2 cxd4 8. exd4 Bd7 9. Re1 O-O 10. Re3 Bd6
11. Ne5 Qc7 12. Ndf3 a6 13. Qe1 b5 14. Ng5 h6 15. Ngf3 b4 16. Nxd7 Qxd7 17. Ne5 Bxe5 18. dxe5 Nh7 19. Rg3 Kh8 20. Qe2 f5
21. Rh3 bxc3 22. bxc3 Qc7 23. Qh5 Nxe5 24. Bf4 Qxc3 25. Rc1 Qd4 26. g3 Nxd3
0-1

[Event "Snorlax # 13"]
[Site "SchemingMind.com"]
[Date "2008.12.15"]
[Round "-"]
[White "e_castle3"]
[Black "Zugzwang"]
[Result "1-0"]
[WhiteCountry "PHI"]
[BlackCountry "CAN"]
[WhiteElo "1760"]
[WhiteRD "77"]
[BlackElo "1491"]
[BlackRD "59"]
[GameID "183477"]

1. e4 e5 2. Nf3 Nf6 3. Nc3 Bb4 4. d3 Nc6 5. Bd2 d5 6. a3 Ba5 7. b4 Bb6 8. exd5 Nxd5 9. Nxd5 Qxd5 10. c4 Qe6
11. c5 O-O 12. cxb6 axb6 13. Be2 Rd8 14. O-O Nd4 15. Re1 Nxf3+ 16. Bxf3 Qg6 17. Be4 f5 18. Bf3 Rxd3 19. Rxe5 Rxf3 20. Qxf3 Bd7
21. Rae1 Bc6 22. Qg3 Qh5 23. Re7 Rf8 24. Qxg7#
1-0

[Event "Snorlax # 13"]
[Site "SchemingMind.com"]
[Date "2008.12.15"]
[Round "-"]
[White "Keith Kelchner"]
[Black "Zugzwang"]
[Result "1/2-1/2"]
[WhiteCountry "USA"]
[BlackCountry "CAN"]
[WhiteElo "1660"]
[WhiteRD "82"]
[BlackElo "1457"]
[BlackRD "60"]
[GameID "183478"]

1. Nf3 Nf6 2. Nc3 g6 3. e4 d6 4. Bb5+ c6 5. Bc4 Bg7 6. d3 O-O 7. O-O e5 8. Bg5 Qb6 9. Rb1 Bg4 10. h3 Bxf3
11. Qxf3 Nbd7 12. b4 a5 13. b5 c5 14. Bxf6 Nxf6 15. Nd5 Nxd5 16. Bxd5 Rab8 17. a4 Kh8 18. c4 f5 19. Qe3 f4 20. Qf3 Bh6
21. Qg4 f3 22. g3 Rf6= 23. Qh4 g5 24. Qg4 Qc7 25. h4 Qg7 26. hxg5 Bxg5 27. b6 Rh6 28. Qxf3 Rf8 29. Qe2 Rf4 30. f3 Rfh4
31. gxh4 Be3+ 32. Kh1 Rxh4+ 33. Qh2 Qg3 34. Qxh4 Qxh4+ 35. Kg2 Qg5+= 36. Kh1 Qh4+ 37. Kg2 Qg5+ 38. Kh3 Qh5+ 39. Kg2 Qg5+=
1/2-1/2

[Event "Snorlax # 13"]
[Site "SchemingMind.com"]
[Date "2008.12.14"]
[Round "-"]
[White "Joe Daudish"]
[Black "Zugzwang"]
[Result "1-0"]
[WhiteCountry "USA"]
[BlackCountry "CAN"]
[WhiteElo "1746"]
[WhiteRD "43"]
[BlackElo "1491"]
[BlackRD "59"]
[GameID "183479"]

1. d4 f5 2. Nf3 Nf6 3. Bf4 e6 4. h3 c6 5. e3 d5 6. Bd3 Be7 7. O-O O-O 8. Nbd2 Bd7 9. Ne5 Be8 10. c4 Nbd7
11. c5 Bh5 12. f3 b5 13. cxb6 Qxb6 14. b3 a5 15. Rc1 Rfc8 16. Nxd7 Nxd7 17. g4 fxg4 18. fxg4 Bf7 19. Nf3 Rf8 20. Ne5 Nxe5
21. Bxe5 Qd8 22. Rxc6 Bh4 23. Kg2 Qg5 24. Qe2 Bh5 25. Rxf8+ Rxf8 26. Bg3 Bxg3 27. Kxg3 Bf7 28. h4 Qd8 29. Qc2 Qb8+ 30. Kg2 g6
31. Rc5 Qe5 32. dxe5
1-0

[Event "Snorlax # 13"]
[Site "SchemingMind.com"]
[Date "2008.12.15"]
[Round "-"]
[White "baobab"]
[Black "Zugzwang"]
[Result "1-0"]
[WhiteCountry "ITA"]
[BlackCountry "CAN"]
[WhiteElo "1756"]
[WhiteRD "76"]
[BlackElo "1457"]
[BlackRD "60"]
[GameID "183577"]

1. d4 f5 2. c4 Nf6 3. Nc3 e6 4. Bg5 c6 5. e3 d5 6. Rc1 Be7 7. Nf3 O-O 8. cxd5 cxd5 9. Bf4 Bd7 10. Be2 Nc6
11. Nb5 Rc8 12. O-O Qb6 13. b3 Nb4 14. Rxc8 Rxc8 15. a3 Na2 16. a4 Nc3 17. Nxc3 Rxc3 18. Nd2 Be8 19. h4 Qc7 20. Bxc7
1-0

[Event "Snorlax # 13"]
[Site "SchemingMind.com"]
[Date "2008.12.15"]
[Round "-"]
[White "baobab"]
[Black "e_castle3"]
[Result "1-0"]
[WhiteCountry "ITA"]
[BlackCountry "PHI"]
[WhiteElo "1756"]
[WhiteRD "76"]
[BlackElo "1742"]
[BlackRD "71"]
[GameID "183578"]

1. d4 d5 2. c4 c6 3. Nc3 Nf6 4. Bg5 e6 5. e3 Be7 6. Rc1 O-O 7. Nf3 h6 8. Bf4 Nbd7 9. cxd5 cxd5 10. Bd3 Nh5
11. Be5 Nxe5 12. Nxe5 Nf6 13. a3 Bd6 14. Ng4 a6 15. b4 Bc7 16. O-O Nxg4 17. Qxg4 e5 18. Qe2 e4 19. Bb1 Qd6 20. g3 Bh3
21. Rfe1 Rac8 22. f4 Rfd8 23. Qh5 Qe6 24. Ba2 Bg4 25. Qh4 Rd6 26. Nxd5 Bd8 27. Nb6 Bxh4 28. Bxe6 Rxc1 29. Rxc1 Bxe6 30. d5 Bf5
31. Nc4 Be7 32. Nxd6 Bxd6 33. Kf2 Kf8 34. Rc4 Ke7 35. Rc1 Bd7 36. Rc4 Kd8 37. Rxe4 Kc7 38. Rc4+ Kb6 39. e4 Kb5 40. Rc3 g5
41. e5 Bb8 42. Kf3 g4+ 43. Ke4 h5 44. f5 b6 45. e6
1-0

[Event "Snorlax # 13"]
[Site "SchemingMind.com"]
[Date "2008.12.16"]
[Round "-"]
[White "baobab"]
[Black "Keith Kelchner"]
[Result "1-0"]
[WhiteCountry "ITA"]
[BlackCountry "USA"]
[WhiteElo "1756"]
[WhiteRD "76"]
[BlackElo "1660"]
[BlackRD "82"]
[GameID "183579"]

1. e4 e5 2. f4 Nf6 3. Nc3 Nc6 4. Nf3 d6 5. Bb5 Bd7 6. Bxc6 Bxc6 7. O-O Nxe4 8. Nxe4 Bxe4 9. fxe5 Bxf3 10. Qxf3 f6
11. exf6 gxf6 12. Qh5+ Kd7 13. d3 c6 14. b3 Qb6+ 15. Kh1 Qd8 16. Qf7+ Qe7 17. Qh5 Qe5 18. Qf7+ Be7 19. Bf4 Qe6 20. Qh5 Qd5
21. Qg4+ Kc7 22. Rfe1 Rae8 23. Rad1 Qf7 24. c4 f5 25. Qf3 h6 26. c5 b6 27. d4 Rd8 28. b4 h5 29. Rc1 Kd7 30. cxd6 Qd5
31. Qxd5 cxd5 32. Rc7+ Ke8 33. Rexe7+ Kf8 34. Bg5
1-0

[Event "Snorlax # 13"]
[Site "SchemingMind.com"]
[Date "2008.12.15"]
[Round "-"]
[White "baobab"]
[Black "Joe Daudish"]
[Result "0-1"]
[WhiteCountry "ITA"]
[BlackCountry "USA"]
[WhiteElo "1756"]
[WhiteRD "76"]
[BlackElo "1721"]
[BlackRD "47"]
[GameID "183580"]

1. e4 e6 2. d4 d5 3. e5 Ne7 4. c4 dxc4 5. Bxc4 Ng6 6. Nf3 Be7 7. O-O c6 8. Be3 Nd7 9. Nc3 Nb6 10. Bd3 Nd5
11. Nxd5 cxd5 12. Qb3 O-O 13. Rac1 Bd7 14. Rc3 Bc6 15. a3 a6 16. Rfc1 Qd7 17. h3 Rfc8 18. Qc2 Qd8 19. Kh2 Bd7 20. Nd2 Rxc3
21. Qxc3 Rc8 22. Nc4 dxc4 23. Bb1 b5 24. Qc2 Bc6 25. g3 Qd5 26. Rg1 f5 27. exf6 Bxf6 28. h4 e5 29. dxe5 Nxe5 30. Qxh7+ Kf7
31. Qh5+ Ke7
0-1

[Event "Snorlax # 13"]
[Site "SchemingMind.com"]
[Date "2008.12.15"]
[Round "-"]
[White "Zugzwang"]
[Black "baobab"]
[Result "0-1"]
[WhiteCountry "CAN"]
[BlackCountry "ITA"]
[WhiteElo "1457"]
[WhiteRD "60"]
[BlackElo "1756"]
[BlackRD "76"]
[GameID "183581"]

1. d4 d5 2. Nf3 Nc6 3. e3 Nf6 4. Bd3 Bg4 5. c4 dxc4 6. Bxc4 e6 7. Qb3 Na5 8. Qa4+ c6 9. Ne5 Bf5 10. O-O Bd6
11. Rd1 O-O 12. Nc3 Qb6 13. Rd2 Nxc4 14. Nxc4 Qc7 15. f4 g5 16. g3 Ne4 17. Nxe4 Bxe4 18. Nxd6 Qxd6 19. b4 gxf4 20. exf4 Qd5
21. Qd1 Bf3 22. Qe1 h5 23. Kf2 Bg4 24. Rc2 Kh7 25. Be3 Bh3 26. Qg1 b6 27. Rac1 Rac8 28. a4 Bf5 29. Rb2 Rg8 30. Qe1 Bh3
31. Ke2 Qg2+ 32. Qf2 Bg4+ 33. Ke1 Qe4 34. Rbc2 Bf5 35. Re2 Bg4 36. Rec2 Rgd8 37. Rc3 Rxd4 38. Rxc6 Rxc6 39. Rxc6 Rd1#
0-1

[Event "Snorlax # 13"]
[Site "SchemingMind.com"]
[Date "2008.12.15"]
[Round "-"]
[White "e_castle3"]
[Black "baobab"]
[Result "1-0"]
[WhiteCountry "PHI"]
[BlackCountry "ITA"]
[WhiteElo "1742"]
[WhiteRD "71"]
[BlackElo "1756"]
[BlackRD "76"]
[GameID "183582"]

1. e4 d6 2. d4 Nd7 3. Nf3 e5 4. dxe5 dxe5 5. Be2 Ngf6 6. Nc3 Be7 7. O-O O-O 8. b3 Bd6 9. Bb2 Nc5 10. Nd2 a6
11. a3 b5 12. b4 Ne6 13. Nf3 Bb7 14. Bd3 Qe7 15. Qd2 c5 16. bxc5 Nxc5 17. Rad1 Rad8 18. Qc1 Nfxe4 19. Nxe4 Nxe4 20. Rde1 Ng5
21. Nxe5 Qc7 22. Qxg5 Rde8 23. Nf3 f6 24. Qh4 h6 25. Nd4 Rxe1 26. Rxe1 Bc8 27. Ne6 Bxe6 28. Rxe6 Bf4 29. g3 Bg5 30. Qe4 f5
31. Qd5 Kh8 32. h4 Bd2 33. Bxf5 Ba5 34. Rxh6#
1-0

[Event "Snorlax # 13"]
[Site "SchemingMind.com"]
[Date "2008.12.17"]
[Round "-"]
[White "Keith Kelchner"]
[Black "baobab"]
[Result "1-0"]
[WhiteCountry "USA"]
[BlackCountry "ITA"]
[WhiteElo "1653"]
[WhiteRD "82"]
[BlackElo "1694"]
[BlackRD "75"]
[GameID "183583"]

1. Nf3 Nc6 2. Nc3 e6 3. e3 Nf6 4. d4 Bb4 5. Bd2 O-O 6. a3 Be7 7. Bd3 d5 8. O-O a6 9. Re1 Bd6 10. e4 dxe4
11. Nxe4 Nxe4 12. Bxe4 Bd7 13. d5 exd5 14. Bxd5 Re8 15. Rxe8+ Qxe8 16. c3 Be6 17. Bxe6 Qxe6 18. Qc2 Re8 19. Ng5 Qg6 20. Qxg6 fxg6
21. Be3 Ne5 22. h3 Nd3 23. b4 h6 24. Nf3 g5 25. Rd1 Nf4 26. Kf1 Re4 27. Nd2 Re6 28. Nc4 Be7 29. Rd7 Bd6 30. Nxd6 cxd6
31. Rxb7 d5 32. Rc7 Rd6 33. Rc8+ Kh7 34. Rf8 Nd3 35. g3 Nb2 36. Rc8 Nc4 37. Bc1 Rf6 38. a4 Nb6 39. Rb8 Nxa4 40. Bd2 Rf3
41. Ke2 Rf7 42. Re8 Nb6 43. Re6 Nc4 44. Bc1 a5 45. bxa5 Nxa5 46. Re5 Nb3 47. Be3 Rd7 48. Kd3 Kg6 49. Re6+ Kf5 50. Rb6 Na5
51. Kd4 Nc4 52. Rb5 Nxe3 53. fxe3 Ke6 54. Rc5 h5 55. Rc8 Kd6 56. Re8 Rf7 57. Re5 g4 58. hxg4 hxg4 59. Rg5 Ra7 60. Rg6+ Kc7
61. Rxg7+ Kb6 62. Rxa7
1-0

[Event "Snorlax # 13"]
[Site "SchemingMind.com"]
[Date "2008.12.16"]
[Round "-"]
[White "Joe Daudish"]
[Black "baobab"]
[Result "1/2-1/2"]
[WhiteCountry "USA"]
[BlackCountry "ITA"]
[WhiteElo "1720"]
[WhiteRD "45"]
[BlackElo "1694"]
[BlackRD "75"]
[GameID "183584"]

1. d4 Nf6 2. Nf3 d5 3. Bf4 c6 4. h3 h6 5. e3 e6 6. Bd3 Bd6 7. Bxd6 Qxd6 8. Nbd2 Nbd7 9. O-O O-O 10. Re1 a5
11. c3 c5 12. Qc2 b6 13. e4 dxe4 14. Nxe4 Nxe4 15. Bxe4 Rb8 16. Rad1 Qf4 17. dxc5 Nxc5 18. Rd4 Nxe4 19. Qxe4 Qc7 20. Red1 Bb7
21. Qe3 Bd5 22. a3 Qc5 23. Ne5 Qc7 24. Nf3 f5 25. R1d2 Rf6 26. Qe5 Qb7 27. c4 Be4 28. Ne1 Rg6 29. f3 Bc6 30. Kf2 b5
31. cxb5 Bxb5 32. Kg1 Bc6 33. b4 a4 34. Kh1 Re8 35. Kh2 Rf6 36. Nc2 Qb5 37. Qxb5 Bxb5 38. Ne3 Rc8 39. Rd8+ Rxd8 40. Rxd8+ Kh7
41. Rb8 f4 42. Rxb5 fxe3 43. Re5 Kg6 44. Rxe3 Kf5 45. Re4 e5 46. b5 Rb6 47. Rxa4 Rxb5 48. Rg4 g6 49. Rh4 h5 50. a4 Rb1
51. Rc4 Ra1 52. h4 g5 53. Kg3 g4 54. fxg4+ hxg4 55. h5 Kg5 56. Rc5 Re1 57. a5 Kxh5 58. a6 Re3+ 59. Kf2 Ra3 60. Rxe5+ Kg6
61. Re6+ Kf5 62. Rb6 Kf4 63. Rb4+ Kf5 64. Rb5+= Kf4 65. Rb4+ Kf5 66. Rb5+ Kf4 67. Rb4+=
1/2-1/2

[Event "Snorlax # 13"]
[Site "SchemingMind.com"]
[Date "2008.12.16"]
[Round "-"]
[White "july"]
[Black "Zugzwang"]
[Result "0-1"]
[WhiteCountry "ARG"]
[BlackCountry "CAN"]
[WhiteElo "1138"]
[WhiteRD "96"]
[BlackElo "1437"]
[BlackRD "56"]
[GameID "183907"]

1. d3 d5 2. e4 dxe4 3. dxe4 e5 4. Bb5+ c6 5. Ba4 Qxd1+ 6. Kxd1 Nf6 7. Bg5 Be7 8. f3 O-O 9. Ne2 b5 10. Bb3 Nbd7
11. a4 b4 12. c3 Ba6 13. Nd2 Bxe2+ 14. Kxe2 h6 15. Bh4 Bc5 16. g3 Rab8 17. Rhc1 g5 18. Bxg5 hxg5 19. Rab1 Rfd8 20. h3 bxc3
21. bxc3 Nh5 22. g4 Nf4+ 23. Kd1 Be3 24. a5 Bxd2 25. Kxd2 Nc5+ 26. Kc2 Nxb3 27. Rxb3 Rxb3 28. Kxb3 c5 29. Rh1 Rd3 30. Rf1 Ne2
31. Kc4 Rxc3+ 32. Kb5 Nd4+ 33. Ka4 c4 34. Kb4 Rc2 35. Rb1 Nxf3 36. Ka3 c3 37. Rb3 Nd2 38. Rb5 Nxe4 39. Rb3 Rc1 40. Ka2 Nd2
41. Ra3 c2 42. Kb2 e4 43. Ra1 Rxa1 44. Kxa1 c1=Q+ 45. Ka2 e3 46. a6 Qb1+ 47. Ka3 Qb3#
0-1

[Event "Snorlax # 13"]
[Site "SchemingMind.com"]
[Date "2008.12.17"]
[Round "-"]
[White "july"]
[Black "e_castle3"]
[Result "0-1"]
[WhiteCountry "ARG"]
[BlackCountry "PHI"]
[WhiteElo "1115"]
[WhiteRD "94"]
[BlackElo "1742"]
[BlackRD "71"]
[GameID "183908"]

1. d3 d5 2. e3 e5 3. e4 dxe4 4. dxe4 Qxd1+ 5. Kxd1 Nf6 6. Bb5+ Bd7 7. a4 Nc6 8. Bg5 O-O-O 9. Nc3 a6 10. Bc4 Be6+
11. Bd3 Be7 12. Ke2 h6 13. Bh4 Nd4+ 14. Ke3 Ng4+ 15. Kd2 Bxh4 16. g3 Bg5+ 17. Ke1 c5 18. h3 c4 19. Be2 Nxc2+ 20. Kf1 Nxa1
21. Bxg4 Bxg4 22. f3 Be6 23. h4 Bc1 24. b4 cxb3 25. Nge2 b2 26. h5 Bc4 27. f4 Bxe2+
0-1

[Event "Snorlax # 13"]
[Site "SchemingMind.com"]
[Date "2008.12.17"]
[Round "-"]
[White "july"]
[Black "Keith Kelchner"]
[Result "0-1"]
[WhiteCountry "ARG"]
[BlackCountry "USA"]
[WhiteElo "1115"]
[WhiteRD "94"]
[BlackElo "1660"]
[BlackRD "82"]
[GameID "183909"]

1. d3 Nf6 2. Bg5 e5 3. e4 Be7 4. f4 d6 5. g3 Nc6 6. c3 h6 7. Bh4 Ng4 8. h3 Bxh4 9. gxh4 Qxh4+ 10. Kd2 Nf2
11. Qc1 Nxh1 12. Qe1 Nf2 13. Nf3 Qxf4+ 14. Ke2 Nxh3 15. Bxh3 Bxh3 16. Qf2 Qg4 17. Ke3 O-O 18. Ke2 f5 19. Ke3 fxe4 20. Nbd2 exf3
21. Nxf3 Bg2 22. Rg1 Rxf3+ 23. Ke2 Rxf2+ 24. Kxf2 Qf3+ 25. Ke1 Qe3+ 26. Kd1 Bf3+ 27. Kc2 Qxg1 28. b3 Qd1+ 29. Kb2 e4 30. a4 e3
31. Ka3 Qa1#
0-1

[Event "Snorlax # 13"]
[Site "SchemingMind.com"]
[Date "2008.12.17"]
[Round "-"]
[White "july"]
[Black "baobab"]
[Result "0-1"]
[WhiteCountry "ARG"]
[BlackCountry "ITA"]
[WhiteElo "1115"]
[WhiteRD "94"]
[BlackElo "1756"]
[BlackRD "76"]
[GameID "183910"]

1. e4 c5 2. c4 d6 3. Qa4+ Bd7 4. Qc2 Nf6 5. d3 Nc6 6. Bg5 e5 7. Nc3 Nd4 8. Qc1 Be7 9. b3 b5 10. Nf3 O-O
11. h4 Nxf3+ 12. gxf3 bxc4 13. Bh3 Nh5 14. Rg1 Bxg5 15. Qb1 Bh6 16. Qc2 cxd3 17. Qxd3 Bxh3 18. Ke2 Nf4+ 19. Ke3 Nxd3+ 20. Kxd3 Qxh4
21. Rg4 Bxg4 22. Ke2 Bd7 23. Rg1 f5 24. Kf1 Bc6 25. Ke2 fxe4 26. Nxe4 Bxe4 27. Rg4 Bxf3+ 28. Kd3 Qxg4 29. a3 Qd4+ 30. Kc2 Qd2+
31. Kb1 Be4+ 32. Ka1 Rxf2 33. b4 Rf1#
0-1

[Event "Snorlax # 13"]
[Site "SchemingMind.com"]
[Date "2008.12.17"]
[Round "-"]
[White "july"]
[Black "Joe Daudish"]
[Result "0-1"]
[WhiteCountry "ARG"]
[BlackCountry "USA"]
[WhiteElo "1115"]
[WhiteRD "94"]
[BlackElo "1721"]
[BlackRD "47"]
[GameID "183911"]

1. e4 e6 2. d4 d5 3. Bb5+ c6 4. Ba4 dxe4 5. h4 Nf6 6. f3 Qa5+ 7. Ke2 exf3+ 8. gxf3 Qxa4 9. b3 Qb5+ 10. Ke1 Bb4+
11. Kf2 c5 12. a4 Qc6 13. Bd2 Bxd2 14. Qxd2 cxd4 15. c3 dxc3 16. Nxc3 O-O 17. Qb2 b6 18. Ra3 Bb7 19. Ke3 Nbd7 20. Ne4 Nxe4
21. fxe4 Qxe4+ 22. Kd2 Qxh1 23. Ra1 Qxh4 24. Nf3 Qf2+ 25. Kd3 Qxb2 26. Rd1 Qxb3+ 27. Kd2 Bxf3 28. Rc1 Nc5 29. Rc2 Rad8+ 30. Kc1 Rd1#
0-1

[Event "Snorlax # 13"]
[Site "SchemingMind.com"]
[Date "2008.12.17"]
[Round "-"]
[White "Zugzwang"]
[Black "july"]
[Result "1-0"]
[WhiteCountry "CAN"]
[BlackCountry "ARG"]
[WhiteElo "1457"]
[WhiteRD "60"]
[BlackElo "1115"]
[BlackRD "94"]
[GameID "183912"]

1. d4 d5 2. Nf3 Bg4 3. Ne5 e6 4. Nxg4 Bb4+ 5. c3 Ba5 6. Qb3 Qd6 7. Qxb7 Qb6 8. Qxa8 a6 9. Be3 Kd8 10. g3 f5
11. Ne5 Kc8 12. b4 Qb7 13. Qxb7+ Kxb7 14. bxa5 h6 15. f4 Ne7 16. Na3 Nec6 17. Nxc6 Nxc6 18. Rb1+ Ka7 19. c4 Nxa5 20. Bd2 dxc4
21. Bxa5 c6 22. Bg2 Rc8 23. Rb6 Ka8 24. Nxc4 Rb8 25. Bxc6+ Ka7 26. O-O g5 27. Rfb1 Ra8 28. Rb7#
1-0

[Event "Snorlax # 13"]
[Site "SchemingMind.com"]
[Date "2008.12.17"]
[Round "-"]
[White "e_castle3"]
[Black "july"]
[Result "1-0"]
[WhiteCountry "PHI"]
[BlackCountry "ARG"]
[WhiteElo "1760"]
[WhiteRD "77"]
[BlackElo "1110"]
[BlackRD "94"]
[GameID "183913"]

1. Nf3 d5 2. g3 Bg4 3. Bg2 h5 4. h3 Bf5 5. O-O Be4 6. d3 Bf5 7. Nbd2 e6 8. Nb3 g6 9. Nbd4 Bc5 10. Nxf5 gxf5
11. b3 Nf6 12. Bb2 O-O 13. Qd2 b6 14. Qg5+ Kh7 15. Bxf6 Qe8 16. Qg7#
1-0

[Event "Snorlax # 13"]
[Site "SchemingMind.com"]
[Date "2008.12.17"]
[Round "-"]
[White "Keith Kelchner"]
[Black "july"]
[Result "1-0"]
[WhiteCountry "USA"]
[BlackCountry "ARG"]
[WhiteElo "1660"]
[WhiteRD "82"]
[BlackElo "1115"]
[BlackRD "94"]
[GameID "183914"]

1. Nf3 d5 2. d4 Bg4 3. Ne5 f6 4. Nxg4 f5 5. Ne3 e6 6. Nc3 b6 7. Bd2 f4 8. Ng4 h5 9. Ne5 g5 10. e4 a6
11. Be2 b5 12. exd5 b4 13. Ne4 Bd6 14. Nc4 exd5 15. Ncxd6+ cxd6 16. Nxd6+ Qxd6 17. O-O Nf6 18. h3 g4 19. hxg4 Qb6 20. Bxf4 O-O
21. gxh5 Nxh5 22. Bxb8 Raxb8 23. Bxh5 Kh7 24. Qd3+ Kg8 25. Bf3 Rbe8 26. Bxd5+ Kg7 27. f4 Rxf4 28. Rxf4 Rd8 29. Qg3+ Qg6 30. Qxg6+ Kxg6
31. Bc4 Kg5 32. g3 Ra8 33. Re1 Kh5 34. Re5+ Kg6 35. Bd3+ Kg7 36. g4 Kg8 37. Rg5+ Kh8 38. Rf6 a5 39. Rh6#
1-0

[Event "Snorlax # 13"]
[Site "SchemingMind.com"]
[Date "2008.12.17"]
[Round "-"]
[White "baobab"]
[Black "july"]
[Result "1-0"]
[WhiteCountry "ITA"]
[BlackCountry "ARG"]
[WhiteElo "1756"]
[WhiteRD "76"]
[BlackElo "1115"]
[BlackRD "94"]
[GameID "183915"]

1. d4 e6 2. c4 Bb4+ 3. Bd2 a5 4. Nc3 d6 5. Qc2 e5 6. dxe5 Ke7 7. Nd5+ Ke8 8. Bxb4 c5 9. Bc3 Be6 10. e4 Nf6
11. Nf3 Bg4 12. Nh4 Be6 13. Nf5 Rg8 14. Nxd6+ Kd7 15. Nxb7 Qf8 16. Nb6+ Kc6 17. Nxa8 Kxb7 18. Bxa5 Kxa8 19. exf6 gxf6 20. Qa4 Bd7
21. Qb3 Nc6 22. Qb6 Qb8 23. Be2 Qa7 24. Qxa7+ Kxa7 25. Bd2 Rh8 26. O-O h5 27. Rfb1 Bg4 28. Bxg4 hxg4 29. b4 Rd8 30. Be3 Kb6
31. Bxc5+ Kc7 32. b5 Nd4 33. b6+ Kb7 34. a4 Ne2+ 35. Kf1
1-0